000 00434nam a2200169Ia 4500
008 230711s9999||||xx |||||||||||||| ||und||
020 _a978-81-85266-7
041 _aENG
082 _a624.151
_bAR-G
100 _aArora,D.S
245 2 _aA textbook of general and engineering geology
250 _a1st Ed.
260 _c2010
_aChandigarh
_bMohindra Capital Publishers
300 _a576
650 _aCivil Engineering
942 _cBK
999 _c5182
_d5182